Asian Capitals by airport code - Statistics

General Stats
  • This quiz has been taken 851 times
    796 since last reset
  • The average score is 32 of 47
Answer Stats
Airport Answer % Correct
DOH Doha
95%
DEL New Delhi
92%
AMM Amman
91%
BKK, DMK Bangkok
90%
PEK, PKX Beijing
88%
HAN Hanoi
87%
SIN, XSP Singapore
87%
DAM Damascus
85%
KBL Kabul
83%
MNL, CRK Manila
83%
KUL, SZB Kuala Lumpur
82%
TPE Taipei
82%
ULN Ulaanbaatar
82%
DIL Dili
79%
KWI Kuwait City
78%
NRT, HND Tokyo
78%
BEY Beirut
76%
ISB Islamabad
75%
THR Tehran
75%
KTM Kathmandu
74%
VTE Vientiane
74%
PNH Phnom Penh
73%
TBS Tbilisi
72%
AUH Abu Dhabi
71%
TAS Tashkent
71%
MCT Muscat
70%
RUH Riyadh
70%
DAC Dhaka
69%
ICN, GMP Seoul
69%
ASB Ashgabat
68%
BAH Manama
67%
MLE Malé
65%
BGW Baghdad
62%
TLV Jerusalem
60%
SAH Sana'a
60%
DYU Dushanbe
55%
BWN Bandar Seri Begawan
54%
CGK, HLP Jakarta
53%
EVN Yerevan
52%
NYT Naypyidaw
50%
NQZ Astana
47%
CMB Sri Jayawardenepura Kotte
46%
GYD Baku
44%
ESB Ankara
39%
FNJ Pyongyang
39%
FRU Bishkek
38%
PBH Thimphu
37%
No matching quizzes found
Score Distribution
Percent of People with Each Score
Percentile by Number Answered
Your Score History
You have not taken this quiz since the last reset